000 00513nam a22001577a 4500
003 NUST
038 _aNusrat Nadeem
082 _a200
100 _aAyesha Waris
_9133416
245 _aEfficient Hardware Implementation of Post-Quantum Cryptographic Schemes/
_cWaris Ayesha
264 _aKarachi:
_bPNEC NUST
_c2025.
650 _aPhD-Electrical Engineering
_984162
700 _aSupervisor: Dr. Bilal Muhammad Khan
_9127319
856 _uhttp://10.250.8.41:8080/xmlui/handle/123456789/56898
942 _2ddc
_cSC
999 _c616369
_d616369